| 000 | 00354nam a2200121Ia 4500 | ||
|---|---|---|---|
| 005 | 20251222143318.0 | ||
| 008 | 251222s9999||||xx |||||||||||||| ||spa|| | ||
| 082 | _a339.585/S38 | ||
| 100 | _aSeminario, Bruno | ||
| 245 | 0 | _aLa Naturaleza del Ciclo Económico en el Perú | |
| 264 | _bCentro de Investigación de la Universidad del Pacífico | ||
| 942 | _cLIB | ||
| 999 |
_c15964 _d15964 |
||